Vivaranaprameyasangraha/ (Record no. 70229)

000 -LEADER
fixed length control field 00394nam a22001457a 4500
020 ## - INTERNATIONAL STANDARD BOOK NUMBER
International Standard Book Number 9788121702485
082 ## - DEWEY DECIMAL CLASSIFICATION NUMBER
Classification number S 181.48
Item number VID/V
100 ## - MAIN ENTRY--PERSONAL NAME
Personal name Vidyaranyamuni
9 (RLIN) 34406
245 ## - TITLE STATEMENT
Title Vivaranaprameyasangraha/
Statement of responsibility, etc. by Vidyaranyamuni
260 ## - PUBLICATION, DISTRIBUTION, ETC.
Place of publication, distribution, etc. Newdelhi:
Name of publisher, distributor, etc. Bharathiya Vidya Prakashan,
Date of publication, distribution, etc. 2012.
300 ## - PHYSICAL DESCRIPTION
Extent 880p.
650 ## - SUBJECT ADDED ENTRY--TOPICAL TERM
Topical term or geographic name entry element Vedanta Philosophy
9 (RLIN) 34407
650 ## - SUBJECT ADDED ENTRY--TOPICAL TERM
Topical term or geographic name entry element Philosophy
9 (RLIN) 34408
942 ## - ADDED ENTRY ELEMENTS (KOHA)
Koha item type Book
Holdings
Withdrawn status Lost status Damaged status Not for loan Permanent Location Current Location Shelving location Date acquired Cost, normal purchase price Total Checkouts Full call number Barcode Date last seen Price effective from Koha item type
        Sree Sankaracharya University of Sanskrit Sree Sankaracharya University of Sanskrit Stacks 15.02.2018 500.00   S 181.48 VID/V 087597 15.02.2018 15.02.2018 Book